000 00232nam a2200097Ia 4500
008 240331s9999 xx 000 0 und d
082 _bVOI
100 _aBhasin,K. ed
245 0 _aVoices of Sanity :
_breaching out for peace
942 _cL
999 _c4478
_d4478